000 002170000a22000970004500
100 1 _aRand, Stephen
245 1 0 _aChampions of the world
300 _aNum. 78 (1997), Páginas 12-13
773 0 _tTeartimes
942 _cANA
999 _c55825
_d55825